Statistiques concernant Les villes les plus peuplées de Haute-Saône

Cliquez ici pour prendre le quiz!

Statistiques générales

  • Ce quiz a été pris 121 fois
  • Le résultat moyen est 9 sur 20

Statistiques - réponses

PopulationVille% Correct
17 152Vesoul
99%
8 729Lure
96%
6 772Gray
87%
8 433Luxeuil-les-Bains
86%
10 142Héricourt
76%
2 772Port-sur-Saône
49%
2 964Ronchamp
40%
1 828Champlitte
38%
2 111Noidans-lès-Vesoul
37%
4 287Saint-Loup-sur-Semouse
37%
2 904Arc-lès-Gray
36%
3 973Fougerolles
33%
1 837Jussey
31%
2 743Échenoz-la-Méline
29%
3 309Champagney
26%
1 802Mélisey
25%
2 037Saint-Sauveur
23%
2 692Vaivre-et-Montoille
21%
1 973Froideconche
11%
1 850Aillevillers-et-Lyaumont
4%

Distribution des résultats

Percentile par nombre de réponses

% des personnes avec chaque résultat

Votre développement - résultats

Vous n’avez pas pris ce quiz